[Event "Mondiale Lampo FIDE 2022"]
[Site "Alma Ata"]
[Date "29.12.2022"]
[Round "2.49"]
[White "Vokhidov, Shamsiddin"]
[Black "Isanzhulov, Arystan"]
[Result "1-0"]
[WhiteTitle ""]
[BlackTitle ""]
[WhiteElo "2579"]
[BlackElo "2313"]
[WhiteFideId "14204223"]
[BlackFideId "13711644"]
[EventDate "29.12.2022"]

1. e4 c5 2. Nf3 e6 3. d4 cxd4 4. Nxd4 a6 5. Bd3 Bc5 6. Nb3 Ba7 7. Qe2 Nc6 8. Be3
Nge7 9. c4 O-O 10. Nc3 Bxe3 11. Qxe3 d5 12. exd5 exd5 13. cxd5 Nxd5 14. Nxd5
Qxd5 15. O-O Bf5 16. Rad1 Rad8 17. Be2 Qe6 18. Nc5 Qxa2 19. Rxd8 Nxd8 20. Qe5
Bg6 21. Bf3 a5 22. Nd7 Qe6 23. Qxe6 fxe6 24. Nxf8 Kxf8 25. Rc1 Ke7 26. Bxb7 Kd6
27. Bf3 e5 28. Rc8 Ne6 29. Ra8 e4 30. Ra6+ Kd5 31. Rxa5+ Kd4 32. Bg4 Nf4 33. Bf5
Bf7 34. Bxh7 g6 35. h4 Nd3 36. Ra7 Ne5 37. Re7 Kd5 38. Rxf7 Nxf7 39. Bg8 Ke6 40.
Kh2 Kf6 41. Bxf7 Kxf7 42. Kg3 1-0

[Event "Mondiale Lampo FIDE 2022"]
[Site "Alma Ata"]
[Date "29.12.2022"]
[Round "2.50"]
[White "Utegaliyev, Azamat"]
[Black "Ghaem Maghami, Ehsan"]
[Result "1/2-1/2"]
[BlackTitle ""]
[WhiteElo "2445"]
[BlackElo "2490"]
[WhiteFideId "13702467"]
[BlackFideId "12500739"]
[EventDate "29.12.2022"]

1. e4 c6 2. e5 d5 3. exd6 exd6 4. Nf3 d5 5. d4 Bd6 6. Bd3 Ne7 7. O-O Bf5 8. Bxf5
Nxf5 9. Qd3 Ne7 10. Nc3 Nd7 11. Ne2 O-O 12. Ng3 Bxg3 13. hxg3 Nf6 14. Re1 Ne4
15. Ng5 Nxg5 16. Bxg5 f6 17. Bd2 Qd7 18. Bb4 Rfe8 19. Bxe7 Rxe7 20. c3 Rae8 21.
Kf1 Re4 22. Rxe4 Rxe4 23. f3 Re6 24. Re1 Rxe1+ 25. Kxe1 g6 26. g4 Kf7 27. Kf2
Qd6 28. Qe3 Qh2 29. a4 a5 30. Qd2 h5 31. Qh6 Qh4+ 32. Kf1 Qh1+ 33. Kf2 Qh4+ 1/2-1/2

[Event "Mondiale Lampo FIDE 2022"]
[Site "Alma Ata"]
[Date "29.12.2022"]
[Round "2.51"]
[White "Nissinen, Niilo Man"]
[Black "Hansen, Eric"]
[Result "0-1"]
[WhiteTitle ""]
[BlackTitle ""]
[WhiteElo "1996"]
[BlackElo "2609"]
[WhiteFideId "30950767"]
[BlackFideId "2606771"]
[EventDate "29.12.2022"]

1. e4 c5 2. Nf3 e6 3. d4 cxd4 4. Nxd4 a6 5. Nc3 Qc7 6. g3 Nf6 7. Bg2 d6 8. O-O
Be7 9. a4 O-O 10. Be3 Nbd7 11. f4 Nb6 12. Qe1 Nc4 13. Bc1 Qb6 14. Ne2 e5 15. Qc3
Na5 16. Be3 exd4 17. Bxd4 Qd8 18. e5 dxe5 19. fxe5 Nd5 20. Qf3 Be6 21. b3 Nc6
22. Bb2 Qb6+ 23. Kh1 Ne3 24. Rfc1 Bd5 0-1

[Event "Mondiale Lampo FIDE 2022"]
[Site "Alma Ata"]
[Date "29.12.2022"]
[Round "2.54"]
[White "Fedoseev, Vladimir3"]
[Black "Makarian, Rudik"]
[Result "1-0"]
[WhiteTitle ""]
[BlackTitle ""]
[WhiteElo "2688"]
[BlackElo "2554"]
[WhiteFideId "24130737"]
[BlackFideId "44105681"]
[EventDate "29.12.2022"]

1. e4 d6 2. d4 Nf6 3. f3 Nbd7 4. Be3 e5 5. d5 Be7 6. Nc3 O-O 7. Bc4 c6 8. Nge2
cxd5 9. Nxd5 Nxd5 10. Bxd5 Bh4+ 11. g3 Bg5 12. Qd2 Bxe3 13. Qxe3 Nf6 14. Nc3
Nxd5 15. Nxd5 Be6 16. O-O-O Qa5 17. a3 Kh8 18. Qc3 Qc5 19. Qxc5 dxc5 20. Rd2
Rac8 21. Rhd1 g6 22. g4 h6 23. h4 Kg7 24. g5 hxg5 25. hxg5 Rh8 26. Nf6 Kf8 27.
Nd7+ Ke7 28. Nxe5 Rh5 29. f4 Rch8 30. Rd7+ Bxd7 31. Rxd7+ Ke6 32. Rxb7 Rh1+ 33.
Kd2 R8h2+ 34. Kc3 Rc1 35. b4 Rcxc2+ 36. Kb3 Rb2+ 37. Ka4 cxb4 38. axb4 Ra2+ 39.
Kb5 a5 40. Rxf7 axb4 41. Rf6+ Ke7 42. Nxg6+ Ke8 43. Kxb4 Rhb2+ 44. Kc5 Rc2+ 45.
Kd5 Rd2+ 46. Ke6 Ra6+ 47. Kf5 Ra5+ 48. e5 1-0

[Event "Mondiale Lampo FIDE 2022"]
[Site "Alma Ata"]
[Date "29.12.2022"]
[Round "2.55"]
[White "Sankalp, Gupta"]
[Black "Sarana, Alexey"]
[Result "0-1"]
[WhiteTitle ""]
[BlackTitle ""]
[WhiteElo "2485"]
[BlackElo "2668"]
[WhiteFideId "5097010"]
[BlackFideId "24133795"]
[EventDate "29.12.2022"]

1. e4 c5 2. Nf3 d6 3. d4 cxd4 4. Nxd4 Nf6 5. Nc3 a6 6. Bg5 e6 7. f4 Qb6 8. a3
Nc6 9. Nb3 Qe3+ 10. Qe2 Ng4 11. Nd1 Qxe2+ 12. Bxe2 Nf6 13. Nc3 Be7 14. O-O-O b5
15. Bf3 Bb7 16. Rd2 Rc8 17. Rhd1 h6 18. Bxf6 gxf6 19. Bh5 Kf8 20. g3 Kg7 21. Kb1
Rhd8 22. Nd4 Na5 23. f5 Rxc3 24. fxe6 Rc5 25. Nf5+ Kf8 26. Bxf7 Bxe4 27. Nxh6
Nc4 28. Rd4 d5 29. Ng8 Ne3 30. R1d2 Nxc2 31. Rxe4 dxe4 32. Rxc2 Rxc2 33. Kxc2 e3
34. Nxe7 Kxe7 35. Bh5 Rd2+ 36. Kc3 Kxe6 37. Bf3 Rxh2 38. Kd3 0-1

[Event "Mondiale Lampo FIDE 2022"]
[Site "Alma Ata"]
[Date "29.12.2022"]
[Round "2.56"]
[White "Maze, Sebastien"]
[Black "Svane, Rasmus"]
[Result "0-1"]
[WhiteTitle ""]
[BlackTitle ""]
[WhiteElo "2538"]
[BlackElo "2622"]
[WhiteFideId "613762"]
[BlackFideId "4657101"]
[EventDate "29.12.2022"]

1. e4 e5 2. Nf3 Nc6 3. Bb5 a6 4. Ba4 Nf6 5. Nc3 b5 6. Bb3 Be7 7. a4 b4 8. Nd5 d6
9. d4 Bg4 10. Nxf6+ Bxf6 11. Bd5 Nxd4 12. Bxa8 Qxa8 13. Qd3 Nxf3+ 14. gxf3 Be6
15. b3 O-O 16. Bb2 d5 17. Rg1 d4 18. Bc1 c5 19. f4 c4 20. bxc4 Qc6 21. fxe5 Bxe5
22. f4 Bxc4 23. Qf3 Bf6 24. Bb2 Re8 25. Kd2 Rxe4 26. Rae1 Bd5 27. Rxe4 Bxe4 28.
Qb3 h6 29. a5 Qc5 30. Re1 Qf5 31. Kc1 Qxf4+ 32. Kb1 Bg6 33. Qxb4 Qxh2 34. Qc5 d3
35. Bxf6 dxc2+ 36. Kc1 gxf6 37. Qc3 Kg7 38. Rf1 Qh4 39. Qf3 Qd4 40. Qa3 h5 41.
Qb3 Qa1+ 0-1

[Event "Mondiale Lampo FIDE 2022"]
[Site "Alma Ata"]
[Date "29.12.2022"]
[Round "2.57"]
[White "Petkov, Momchil"]
[Black "Zhigalko, Sergei"]
[Result "1-0"]
[WhiteTitle ""]
[BlackTitle ""]
[WhiteElo "2531"]
[BlackElo "2572"]
[WhiteFideId "2921642"]
[BlackFideId "13502956"]
[EventDate "29.12.2022"]

1. d4 Nf6 2. Nf3 e6 3. Bf4 d5 4. e3 Bd6 5. c3 O-O 6. Nbd2 c5 7. Ne5 Nc6 8. Bd3
Qc7 9. Ndf3 h6 10. Bc2 b6 11. O-O Ba6 12. Re1 Nd7 13. Nxc6 Qxc6 14. Bxd6 Qxd6
15. e4 dxe4 16. Bxe4 Rad8 17. Qa4 b5 18. Qc2 Nf6 19. Rad1 Qb6 20. dxc5 Qxc5 21.
Nd4 Nxe4 22. Qxe4 Qc4 23. a3 Rd5 24. Qf3 Rfd8 25. Rc1 Bb7 26. Qe2 Qc5 27. Qe3 a6
28. f3 Qc4 29. Qe2 Qc7 30. Qe3 Rg5 31. Kh1 Rdd5 32. Qf2 Qc4 33. Qe2 Qc7 34. Qf2
Rg6 35. Qh4 Rdg5 36. Rc2 Qc4 37. Rce2 e5 38. Rxe5 Rxg2 39. Re8+ Kh7 40. Qd8 R6g5
41. Rh8+ Kg6 42. Qd6+ f6 43. Qe7 Bc6 44. Qd8 Rf2 1-0

[Event "Mondiale Lampo FIDE 2022"]
[Site "Alma Ata"]
[Date "29.12.2022"]
[Round "2.58"]
[White "Vallejo Pons, Francisco"]
[Black "Damjanovic, Vuk"]
[Result "1-0"]
[WhiteTitle ""]
[BlackTitle ""]
[WhiteElo "2716"]
[BlackElo "2361"]
[WhiteFideId "2205530"]
[BlackFideId "980021"]
[EventDate "29.12.2022"]

1. e4 e5 2. Nf3 Nc6 3. Nc3 Nf6 4. g3 Bc5 5. Bg2 O-O 6. O-O d6 7. d3 h6 8. Na4 a5
9. Nxc5 dxc5 10. a4 Be6 11. b3 Qd6 12. h3 Nd7 13. Nd2 Nd4 14. Nc4 Qe7 15. Kh2 b6
16. f4 f6 17. Be3 exf4 18. gxf4 Rad8 19. Qd2 f5 20. e5 Qh4 21. Rae1 Nb8 22. Qf2
Qxf2 23. Rxf2 Rfe8 24. Rg1 Kf7 25. h4 Bd5 26. Bxd4 cxd4 27. Bxd5+ Rxd5 28. Rfg2
Rg8 29. Rg6 Kf8 30. h5 Nd7 31. Rc6 Rc5 32. Rxc5 Nxc5 33. Rg6 Ke7 34. Nd2 Ne6 35.
Nf3 c5 36. Kg3 Rf8 37. Nh4 Rf7 38. Kf3 Rf8 39. Rg1 Rf7 40. Ng2 Rf8 41. Ne1 Rf7
42. Rg6 Rf8 43. Rg1 Rf7 44. Kg3 Nd8 45. Nf3 Ne6 46. Nd2 Nc7 47. Kf3 Ne6 48. Nc4
Rf8 49. Nxb6 Rb8 50. Nc4 Ra8 51. Rg6 Kd7 52. Nb6+ 1-0

[Event "Mondiale Lampo FIDE 2022"]
[Site "Alma Ata"]
[Date "29.12.2022"]
[Round "2.59"]
[White "Sindarov, Javokhir"]
[Black "Zhalmakhanov, Ramazan"]
[Result "1-0"]
[WhiteTitle ""]
[BlackTitle ""]
[WhiteElo "2654"]
[BlackElo "2401"]
[WhiteFideId "14205483"]
[BlackFideId "13706357"]
[EventDate "29.12.2022"]

1. e4 c5 2. Nc3 d6 3. f4 Nc6 4. Nf3 g6 5. Bc4 Bg7 6. O-O e6 7. d4 cxd4 8. Nb5
Nge7 9. Bb3 O-O 10. Nbxd4 Nxd4 11. Nxd4 b6 12. Be3 Bb7 13. f5 exf5 14. exf5 Nd5
15. Bxd5 Bxd5 16. Qd2 Qh4 17. Rf4 Qe7 18. Rf2 Rfe8 19. Bg5 Qe4 20. f6 Bf8 21. h3
Bb7 22. c3 Qd5 23. Bh6 Qh5 24. Bxf8 Rxf8 25. Qf4 Rad8 26. Re1 Rfe8 27. Re7 Bd5
28. Rfe2 Rf8 29. b3 a5 30. Kh2 h6 31. R2e3 a4 32. Rg3 axb3 33. axb3 Kh7 34. c4
Ba8 35. Ne6 Rc8 36. Nxf8+ Rxf8 37. Qxd6 Qf5 38. Re5 Qc8 39. Re7 Qf5 40. Qe5 Qf2
41. Rc7 h5 42. h4 Qf1 43. Qg5 Qf2 44. Rxf7+ 1-0

[Event "Mondiale Lampo FIDE 2022"]
[Site "Alma Ata"]
[Date "29.12.2022"]
[Round "2.60"]
[White "Bluebaum, Matthias"]
[Black "Harutyunyan, Tigran K."]
[Result "1-0"]
[WhiteTitle ""]
[BlackTitle ""]
[WhiteElo "2657"]
[BlackElo "2511"]
[WhiteFideId "24651516"]
[BlackFideId "13303635"]
[EventDate "29.12.2022"]

1. d4 Nf6 2. c4 e6 3. Nc3 d5 4. cxd5 Nxd5 5. e4 Nxc3 6. bxc3 c5 7. Rb1 Be7 8.
Bc4 O-O 9. Ne2 Qc7 10. Bf4 Bd6 11. Bxd6 Qxd6 12. O-O b6 13. Qd2 Ba6 14. Bxa6
Nxa6 15. e5 Qd7 16. Ng3 Rfd8 17. Nh5 Kh8 18. Qg5 Rg8 19. Rbd1 Rad8 20. Rd3 cxd4
21. Nf6 gxf6 22. Qxf6+ Rg7 23. Rxd4 Qxd4 24. cxd4 Rxd4 25. h4 Nc5 26. h5 Ne4 27.
Qe7 h6 28. Qxa7 Nd2 29. Rc1 Nf3+ 30. Kf1 Nh2+ 31. Ke2 Kh7 32. Rc7 Rf4 33. g3 Rf5
34. f4 b5 35. Qb7 Ng4 36. Qxb5 Rxh5 37. Qb1+ Rf5 38. a4 Kg6 39. a5 Rg8 40. a6 f6
41. Re7 Rc8 42. a7 1-0

[Event "Mondiale Lampo FIDE 2022"]
[Site "Alma Ata"]
[Date "29.12.2022"]
[Round "2.61"]
[White "Idani, Pouya"]
[Black "Batsuren, Dambasuren"]
[Result "1-0"]
[WhiteTitle ""]
[BlackTitle ""]
[WhiteElo "2637"]
[BlackElo "2525"]
[WhiteFideId "12510130"]
[BlackFideId "4902920"]
[EventDate "29.12.2022"]

1. e4 c6 2. d4 d5 3. exd5 cxd5 4. Bd3 Nc6 5. c3 Nf6 6. h3 g6 7. Bf4 Bg7 8. Nf3
Bf5 9. Be2 O-O 10. O-O Ne4 11. Nbd2 a6 12. Re1 b5 13. a3 Qb6 14. Be3 Nd6 15. Bf4
Ne4 16. Bf1 Rad8 17. Be3 Qb8 18. a4 b4 19. Nxe4 dxe4 20. Nd2 bxc3 21. bxc3 e5
22. d5 Rxd5 23. Bxa6 Be6 24. Qb1 Qc7 25. Qb7 Rd7 26. Qxc7 Rxc7 27. Nxe4 Ne7 28.
Bb6 Rc6 29. a5 Nd5 30. Bb7 Rc4 31. Ba6 Nxb6 32. axb6 Rc6 33. Reb1 Rb8 34. b7 Rc7
35. c4 f5 36. Nd6 e4 37. Ra4 Be5 38. Nb5 Rxc4 39. Rxc4 Bxc4 40. Nc7 Bf7 41. Rc1
f4 42. Nb5 e3 43. fxe3 fxe3 44. Na7 Bd5 45. Nc6 Bxc6 46. Rxc6 Rf8 47. Bc4+ Kg7
48. Be2 Rf2 49. Rc2 Rf7 50. Bf3 Rf8 51. Kf1 Kf6 52. Ke2 Bf4 53. Rc6+ Ke7 54. Rc8
g5 55. Kd3 h6 56. Rc6 Rd8+ 57. Ke2 Rd2+ 58. Kf1 Rf2+ 59. Ke1 Bg3 60. Kd1 Rd2+
61. Kc1 Bf4 62. Rc4 e2 63. Bxe2 Rxe2+ 64. Rxf4 Re1+ 65. Kb2 Re2+ 66. Kb3 Re3+
67. Kb4 Re1 68. Rf3 Re4+ 69. Ka5 Re5+ 70. Ka6 Re6+ 71. Ka7 1-0

[Event "Mondiale Lampo FIDE 2022"]
[Site "Alma Ata"]
[Date "29.12.2022"]
[Round "2.62"]
[White "Uskov, Artem"]
[Black "Sargsyan, Shant"]
[Result "0-1"]
[WhiteTitle ""]
[BlackTitle ""]
[WhiteElo "2376"]
[BlackElo "2645"]
[WhiteFideId "34254854"]
[BlackFideId "13306766"]
[EventDate "29.12.2022"]

1. e4 e5 2. Nf3 Nc6 3. Bb5 g6 4. O-O Bg7 5. Re1 a6 6. Ba4 b5 7. Bb3 Na5 8. d4
Nxb3 9. axb3 exd4 10. Nxd4 Bb7 11. Nc3 Ne7 12. Bg5 h6 13. Bh4 g5 14. Bg3 O-O 15.
h4 d6 16. hxg5 hxg5 17. Qd2 Ng6 18. Nf5 Be5 19. Re3 Nf4 20. Ne2 Qf6 21. f3 Bc8
22. Bxf4 gxf4 23. Rd3 Bxf5 24. exf5 Qxf5 25. c3 Kg7 26. Kf2 Rh8 27. Rg1 Rae8 28.
Kf1 Kf8 29. Ke1 Rh2 30. Kd1 Qg6 31. Nc1 c5 32. Qc2 Kg7 33. Rd2 Qxc2+ 34. Kxc2
Kf6 35. Nd3 Rg8 36. Nf2 Ke6 37. Ng4 Rh4 38. Nf2 f5 39. Nd3 Rh2 40. Re1 Kf6 41.
Ree2 Re8 42. Kb1 Rh1+ 43. Ka2 a5 44. Nxe5 dxe5 45. Rd6+ Re6 46. Rd5 e4 47. fxe4
fxe4 48. Rxc5 e3 49. Rc8 Kf5 50. Rf8+ Ke4 51. Rd8 Rf1 52. Rd4+ Kf5 53. b4 a4 54.
c4 bxc4 55. Rxc4 Rf2 56. Re1 Rxg2 57. b5 e2 58. Rc3 Rg3 59. Rc5+ Kg4 60. Rc6 Re8
61. Rc4 Kf3 62. b6 Kf2 63. Rec1 e1=Q 64. Rxe1 Kxe1 65. Rxf4 Rb8 66. Rxa4 Rxb6
67. Re4+ Kd2 68. Rd4+ Rd3 69. Rh4 Rd8 70. Rh2+ Ke3 71. Rh3+ Kf2 72. Rc3 Ra8+ 73.
Kb1 Rab8 74. Rc2+ Ke3 75. Kc1 Rd6 76. Rh2 Rc8+ 77. Kb1 Rd1+ 78. Ka2 Ra8+ 79. Kb3
Rd3+ 80. Kc2 Rc8+ 81. Kb1 Rd2 82. Rh3+ Kf4 83. Rh4+ Kg5 84. Rb4 Rdd8 85. Rb5+
Kf4 86. Rb4+ Ke3 87. Rb3+ Kd2 88. Rh3 Re8 89. Rh7 Re1+ 90. Ka2 Kc1 91. Rb7 Ra8+
92. Kb3 Re3+ 93. Kc4 Kc2 94. b4 Rc8+ 95. Kd4 Rb3 96. b5 Kb2 97. Kd5 Rd3+ 98. Ke4
Rd1 99. b6 Re8+ 100. Kf3 Rf1+ 101. Kg2 Rf6 0-1

[Event "Mondiale Lampo FIDE 2022"]
[Site "Alma Ata"]
[Date "29.12.2022"]
[Round "2.63"]
[White "Ghasi, Ameet K"]
[Black "Gharibyan, Mamikon"]
[Result "1-0"]
[WhiteTitle ""]
[BlackTitle ""]
[WhiteElo "2471"]
[BlackElo "2480"]
[WhiteFideId "409200"]
[BlackFideId "13308300"]
[EventDate "29.12.2022"]

1. Nf3 d5 2. g3 Nf6 3. Bg2 e6 4. O-O Be7 5. d3 O-O 6. Nbd2 a5 7. e4 a4 8. e5
Nfd7 9. a3 c5 10. Re1 Nc6 11. Nf1 b5 12. h4 b4 13. Bg5 h6 14. Bf4 bxa3 15. bxa3
f6 16. exf6 Bxf6 17. Rxe6 Bxa1 18. Qxa1 Ra6 19. Rd6 Ne7 20. Qe1 Rxf4 21. Rxa6
Rxf3 22. Bxf3 Bxa6 23. Qe6+ Kh8 24. Qxa6 Ne5 25. Bg2 N7c6 26. Qxa4 Nd4 27. Ne3
Qf8 28. f4 Nef3+ 29. Kf2 Nxh4 30. Bxd5 Qe7 31. Qa8+ Kh7 32. Be4+ g6 33. Qb7 Qxb7
34. Bxb7 Nhf5 35. Nxf5 gxf5 36. a4 Nxc2 37. a5 Nb4 38. a6 1-0

[Event "Mondiale Lampo FIDE 2022"]
[Site "Alma Ata"]
[Date "29.12.2022"]
[Round "2.64"]
[White "Donchenko, Alexander"]
[Black "Aleksandrov, Aleksej"]
[Result "1/2-1/2"]
[WhiteTitle ""]
[BlackTitle ""]
[WhiteElo "2636"]
[BlackElo "2495"]
[WhiteFideId "24603295"]
[BlackFideId "13500139"]
[EventDate "29.12.2022"]

1. Nf3 Nf6 2. c4 e6 3. g3 d5 4. Bg2 dxc4 5. Qa4+ Nbd7 6. Qxc4 c5 7. Qb3 Rb8 8.
a4 b6 9. d3 Bd6 10. Na3 a6 11. O-O Bb7 12. e4 O-O 13. Re1 Bc7 14. Qc2 Ng4 15. d4
Rc8 16. d5 exd5 17. exd5 Ngf6 18. Ng5 h6 19. d6 Bxg2 20. dxc7 Qxc7 21. Kxg2 hxg5
22. Bxg5 Qc6+ 23. Kg1 Rfe8 24. Nc4 b5 25. axb5 axb5 26. Bxf6 Qxf6 27. Red1 bxc4
28. Rxd7 Rb8 29. Rd2 Rb4 30. Qc3 Qxc3 31. bxc3 Rb3 32. Rc1 Ra8 33. Rd7 g6 34.
Rc7 Rb2 35. Rxc5 Raa2 36. Rf1 Ra4 37. Rc7 Rc2 38. Re1 Raa2 39. Rf1 Rxc3 40. Kg2
Rcc2 41. h4 Kg7 1/2-1/2

[Event "Mondiale Lampo FIDE 2022"]
[Site "Alma Ata"]
[Date "29.12.2022"]
[Round "2.65"]
[White "Hovhannisyan, Robert"]
[Black "Haldorsen, Benjamin"]
[Result "1-0"]
[WhiteTitle ""]
[BlackTitle ""]
[WhiteElo "2597"]
[BlackElo "2449"]
[WhiteFideId "13302507"]
[BlackFideId "1512633"]
[EventDate "29.12.2022"]

1. e4 c5 2. Nf3 Nc6 3. c3 Nf6 4. e5 Nd5 5. Bc4 Nb6 6. Bb3 d5 7. exd6 Qxd6 8. O-O
c4 9. Bc2 g6 10. b3 Bg7 11. Na3 cxb3 12. axb3 O-O 13. Nc4 Qd8 14. d4 Nd5 15. Bd2
Bg4 16. h3 Bxf3 17. Qxf3 e6 18. Be4 Qd7 19. Ne3 Nf6 20. Bxc6 bxc6 21. Ra6 Nd5
22. Rfa1 e5 23. Nxd5 cxd5 24. dxe5 Bxe5 25. R6a5 Rfd8 26. Bg5 Re8 27. Rxd5 Qc8
28. Rc1 Rb8 29. c4 Bg7 30. Rcd1 Qb7 31. Bf4 Rbc8 32. g3 a6 33. Kg2 Qc6 34. Rd7
Qxf3+ 35. Kxf3 h6 36. Ra7 g5 37. Be3 Rc6 38. Rdd7 Rf6+ 39. Ke2 Bf8 40. Rab7 Bc5
41. Rd3 Rfe6 42. b4 Bf8 43. c5 Rc6 44. Rb6 Rxb6 45. cxb6 Bxb4 46. b7 Rb8 47. Rd7
a5 48. Ba7 Re8+ 49. Kd3 1-0

[Event "Mondiale Lampo FIDE 2022"]
[Site "Alma Ata"]
[Date "29.12.2022"]
[Round "2.66"]
[White "Kazakov, Konstantin"]
[Black "Yilmaz, Mustafa"]
[Result "1-0"]
[WhiteTitle ""]
[BlackTitle ""]
[WhiteElo "2385"]
[BlackElo "2617"]
[WhiteFideId "13700898"]
[BlackFideId "6302718"]
[EventDate "29.12.2022"]

1. d4 Nf6 2. Nf3 e6 3. Bf4 b6 4. e3 Bb7 5. h3 d6 6. Be2 Nbd7 7. O-O g6 8. c4 Bg7
9. Nc3 O-O 10. Bh2 Ne4 11. Nxe4 Bxe4 12. Rc1 Qe7 13. Qa4 e5 14. Rfd1 a5 15. Qa3
Rfe8 16. dxe5 Nxe5 17. Nd4 h5 18. Bf1 Nd7 19. b3 Nc5 20. Qb2 Bb7 21. Qe2 Ne4 22.
Nb5 a4 23. b4 Kh7 24. a3 f5 25. Re1 h4 26. Red1 Qf7 27. Rc2 Bh6 28. Qd3 Ng3 29.
Nc3 Nxf1 30. Rxf1 Bc6 31. Nd5 Bg7 32. Rd1 Rac8 33. b5 Bb7 34. Bf4 Re4 35. Bg5
Rce8 36. Re2 Ba8 37. f3 R4e6 38. Bxh4 Bh6 39. Bf2 Re5 40. Nc3 Rc5 41. Nd5 c6 42.
Nxb6 cxb5 43. cxb5 Bb7 44. Qxd6 Rxb5 45. Nd7 Bg7 46. Nc5 Ba8 47. e4 Bf8 48. Qd7
Qxd7 49. Nxd7 Bg7 50. e5 Rb3 51. Bc5 Bc6 52. e6 Rc3 53. Bb4 Rc4 54. e7 Bb5 55.
Nf8+ Kg8 56. Re6 Rxb4 57. axb4 a3 58. Rxg6 Kf7 59. Rxg7+ Kxg7 60. Ne6+ Kf6 61.
Nc7 Kxe7 62. Nxb5 Ra8 63. Ra1 a2 64. Nc3 Ra3 65. Nxa2 Kf6 66. b5 Kg5 67. Kh2 Kh4
68. b6 f4 69. b7 Rb3 70. Rc1 Rxb7 71. Rc4 Kg5 72. Nc3 Rd7 73. Rc5+ Kh4 74. Rc4
Kg5 75. Ne4+ Kh4 76. Nc5 Rf7 77. Rxf4+ Rxf4 78. g3+ 1-0

[Event "Mondiale Lampo FIDE 2022"]
[Site "Alma Ata"]
[Date "29.12.2022"]
[Round "2.67"]
[White "Suleymenov, Alisher"]
[Black "Yakubboev, Nodirbek"]
[Result "0-1"]
[WhiteTitle ""]
[BlackTitle ""]
[WhiteElo "2476"]
[BlackElo "2647"]
[WhiteFideId "13707833"]
[BlackFideId "14203987"]
[EventDate "29.12.2022"]

1. d4 Nf6 2. c4 e6 3. Nf3 d5 4. Nc3 Bb4 5. Bg5 dxc4 6. e4 c5 7. Bxc4 cxd4 8.
Nxd4 Bxc3+ 9. bxc3 Qa5 10. Bxf6 Qxc3+ 11. Kf1 gxf6 12. Rc1 Qa5 13. h4 Ke7 14.
Rh3 Nc6 15. Nb3 Qe5 16. Qe1 Bd7 17. Kg1 Rad8 18. Rhc3 Rhg8 19. Bf1 Be8 20. Nc5
b6 21. Nd3 Qd6 22. Qe3 Rg4 23. h5 Rg5 24. Qh3 Kf8 25. h6 Ne5 26. Qh4 Ng6 27. Qh3
f5 28. exf5 Rxf5 29. Nb2 Qd4 30. Qg3 Qf4 31. Qxf4 Rxf4 32. Rc7 a5 33. Rb7 Rb4
34. Nd3 Rbd4 35. Rc3 b5 36. Nc5 b4 37. Rf3 Kg8 38. Rg3 Rc8 39. Nb3 Rd5 40. Kh2
a4 41. Na1 Rc1 42. Rb8 Kf8 0-1

[Event "Mondiale Lampo FIDE 2022"]
[Site "Alma Ata"]
[Date "29.12.2022"]
[Round "2.68"]
[White "Sargissian, Gabriel"]
[Black "Uruci, Endrit"]
[Result "1-0"]
[WhiteTitle ""]
[BlackTitle ""]
[WhiteElo "2699"]
[BlackElo "2297"]
[WhiteFideId "13300881"]
[BlackFideId "22100199"]
[EventDate "29.12.2022"]

1. d4 Nf6 2. Nf3 d5 3. c4 c6 4. Qb3 g6 5. cxd5 cxd5 6. Nc3 Nc6 7. Bf4 a6 8. e3
Bg7 9. h3 O-O 10. Bd3 b5 11. O-O Bb7 12. Rfc1 Rc8 13. a4 b4 14. a5 bxc3 15. Qxb7
Nxa5 16. Qb4 cxb2 17. Qxb2 Rxc1+ 18. Rxc1 Nc4 19. Qa2 a5 20. Bxc4 dxc4 21. Rxc4
Nd5 22. Be5 Nb4 23. Qa4 Bxe5 24. Nxe5 Qa8 25. Rc5 Rb8 26. Rxa5 Qe4 27. Qd7 Nd3
28. Nxd3 Qxd3 29. Qxe7 h5 30. Qe5 Rc8 31. Rc5 Ra8 32. Kh2 Qe2 33. Qf6 Rf8 34.
Rc7 Qd2 35. Rd7 Qc3 36. Rd8 Qc4 37. Rxf8+ Kxf8 38. Qe5 Kg8 39. d5 Qc2 40. Qf6
Qc7+ 41. d6 Qb8 42. Qe7 Kg7 43. Qc7 Qb2 44. d7 1-0

[Event "Mondiale Lampo FIDE 2022"]
[Site "Alma Ata"]
[Date "29.12.2022"]
[Round "2.69"]
[White "Tsaruk, Maksim"]
[Black "Kovalev, Vladislav"]
[Result "1/2-1/2"]
[WhiteTitle ""]
[BlackTitle ""]
[WhiteElo "2373"]
[BlackElo "2623"]
[WhiteFideId "13511173"]
[BlackFideId "13504398"]
[EventDate "29.12.2022"]

1. e4 e5 2. Nf3 Nc6 3. Nc3 Nf6 4. d4 exd4 5. Nxd4 Bb4 6. Nxc6 bxc6 7. Bd3 O-O 8.
O-O d5 9. exd5 cxd5 10. h3 c6 11. Qf3 Bd6 12. Bg5 h6 13. Bh4 Rb8 14. b3 Be5 15.
Bg3 Bxc3 16. Bxb8 Bxa1 17. Rxa1 Bg4 18. hxg4 Qxb8 19. Re1 Re8 20. Re2 Rxe2 21.
Qxe2 Qf4 22. f3 Kf8 23. Qf2 Qc1+ 24. Kh2 Qf4+ 25. Kg1 Qc1+ 26. Kh2 Qf4+ 27. Qg3
Qxg3+ 28. Kxg3 Ke7 29. Kf4 Ke6 30. g5 hxg5+ 31. Kxg5 Ne8 32. Bf5+ Ke7 33. g4 Nd6
34. a4 a5 35. Bd3 Ke6 36. Kf4 c5 37. g5 f6 38. Bh7 Kf7 39. Bf5 Ke7 40. Bd3 Nf7
41. g6 Ne5 42. Bf5 Kd6 43. Ke3 Nc6 44. f4 Nd4 45. Bd3 Ne6 46. c3 d4+ 47. cxd4
Nxd4 48. Bc4 Nf5+ 49. Ke4 Ng3+ 50. Kf3 Nf5 51. Ke4 Ng3+ 52. Kf3 Nf5 53. Ke4 1/2-1/2

[Event "Mondiale Lampo FIDE 2022"]
[Site "Alma Ata"]
[Date "29.12.2022"]
[Round "2.70"]
[White "Gareyev, Timur"]
[Black "Kostenko, Petr"]
[Result "1-0"]
[WhiteTitle ""]
[BlackTitle ""]
[WhiteElo "2602"]
[BlackElo "2374"]
[WhiteFideId "14200937"]
[BlackFideId "13700669"]
[EventDate "29.12.2022"]

1. d4 Nf6 2. c4 e6 3. Nc3 Bb4 4. Qc2 O-O 5. a3 Bxc3+ 6. Qxc3 d5 7. e3 b6 8. Nf3
Ba6 9. b3 c5 10. Be2 cxd4 11. Nxd4 Nbd7 12. a4 Rc8 13. Nb5 dxc4 14. bxc4 Bb7 15.
Bb2 Qe7 16. Nxa7 Ra8 17. Nb5 Nc5 18. a5 bxa5 19. O-O a4 20. Rfd1 Bc6 21. Nd4 Bb7
22. Ba3 Rfc8 23. Rab1 Nfe4 24. Qc2 Nd6 25. Rb6 Be4 26. Qc3 Nf5 27. Nxf5 exf5 28.
Rb5 Qa7 29. Bb2 f6 30. Qa3 Nb3 31. h3 Qf7 32. Rb4 Bc6 33. Bf1 Qe6 34. Rb6 Qe8
35. Rd6 Qe4 36. Qb4 h5 37. Bxf6 gxf6 38. Rxf6 1-0

[Event "Mondiale Lampo FIDE 2022"]
[Site "Alma Ata"]
[Date "29.12.2022"]
[Round "2.71"]
[White "Korelskiy, Egor"]
[Black "Saraci, Nderim"]
[Result "0-1"]
[WhiteTitle ""]
[BlackTitle ""]
[WhiteElo "2153"]
[BlackElo "2468"]
[WhiteFideId "34329064"]
[BlackFideId "6351921"]
[EventDate "29.12.2022"]

1. e4 e5 2. Nf3 Nc6 3. Bb5 a6 4. Ba4 g6 5. O-O Bg7 6. c3 d6 7. h3 Bd7 8. d4 Nge7
9. Re1 O-O 10. Nbd2 exd4 11. cxd4 Nxd4 12. Nxd4 Bxd4 13. Bxd7 Qxd7 14. Nc4 Nc6
15. Bh6 Rfe8 16. Qd2 Qe6 17. Rac1 Bg7 18. Bxg7 Kxg7 19. f3 Rac8 20. a3 h5 21.
Ne3 Ne7 22. Kh1 c6 23. Qb4 Rc7 24. Nd5 Rd7 25. Nf4 Qf6 0-1